Αγαθόν το εξομολογείσθαι

Αποθηκεύτηκε σε:
Λεπτομέρειες βιβλιογραφικής εγγραφής
Κύριος συγγραφέας: Τσαρούχης, Γιάννης, 1910-1989
Άλλοι συγγραφείς: Πλωρίτης, Μάριος, 1919-2006 (Συγγραφέας εισαγωγής κ.λπ.)
Μορφή: Βιβλίο
Γλώσσα:Greek
Δημοσίευση: Αθήνα : Καστανιώτης, 1986
Έκδοση:2η έκδ.
Θέματα:
Ετικέτες: Προσθήκη ετικέτας
Δεν υπάρχουν, Καταχωρήστε ετικέτα πρώτοι!

MARC

LEADER 00000cam a2200000 i 4500
001 1/2885
008 100111s1986 gr ||| | gre||
035 |l 10106181 
040 |a GR-MyUA  |b gre  |e AACR2 
041 0 |a gre 
082 0 |a 700.1   |2 (22) 
100 1 |a Τσαρούχης, Γιάννης,   |d 1910-1989. 
245 1 0 |a Αγαθόν το εξομολογείσθαι /  |c Γιάννης Τσαρούχης ; πρόλογος Μάριος Πλωρίτης ; επίλογος Θανάσης Θ. Νιάρχος.  
250 |a 2η έκδ. 
260 |a Αθήνα :   |b Καστανιώτης,   |c 1986 
300 |a 299 σ. ;   |c 21 εκ.  
650 0 0 |a Art  |x Philosophy. 
650 0 0 |a Painters  |z Greece. 
700 1 |a Πλωρίτης, Μάριος,   |d 1919-2006,  |e aui 
700 1 |a Νιάρχος, Θανάσης Θ.,   |d 1945-  |e oth 
852 |a INST  |b SAMOS  |e 20100111  |h 700.1 ΤΣΑ  |p 005300030929  |q 005300030929  |t BK  |y 0 
901 |a BIBL3-2010-1 
909 |a Σ  |b 158470 
970 |a ΡΟΥΣΣΟΥ  |b ΚΩΝΣΤΑΝΤΙΝΑ  |z 2010/01/11